000 00212 a2200097 4500
001 42709
100 _aHerington
245 _aAir war against Germany
260 _aAustralia
_bCanberra
_c
090 _c26601
_d26601
942 _aNUST-CAE
_cM
_c18449
999 _c277782
_d277782